| 000 | 00449nam a2200145Ia 4500 | ||
|---|---|---|---|
| 008 | 220104s9999 xx 000 0 und d | ||
| 100 | _aNjwe R M | ||
| 245 | 0 | _aPerformance of dwarf sheep fed elephant grass( Pennisetum purpureum) and concentrate supplements containing rubber seed as substitute for cotton seed cake | |
| 650 | _aCotton seed cake | ||
| 650 | _aRubber seed | ||
| 650 | _aSheep | ||
| 700 | _aChifon | ||
| 700 | _aM K | ||
| 942 | _cBE | ||
| 999 |
_c47452 _d47452 |
||